1760 1239 1263 1571 1174 1805 1236 1104 1441 1873 1751 1551 1198 1297 1179 1199 1162 1426 1699 1897 1372 1201 1814 1271 1771 1417 1863 1701 1657 1238 1587 1776 1876 1175 1198 1447 1774 1178 1955 1841 1593 1247 1225 1517 1946 1719 1193 1282 1696 1644 1530 1463 1740 1890 1090 1421 1990 1138 1617 1097 1412 1095 1309 1675 1836 1899 1410 1669 1002 1845 1290 1775 1935 1494 1570 1113 1406 1587 1587 1721 1581 1788 1980 1140 1015 1074 1251 1584 1763 1737 1669 1314 1059 1790 1163 1068 1129 1735 1313 BCNSPRNW ULIB Ver.6.0+V

เปลี่ยนเป็นภาษาไทย

Change to English
 แสดงรายละเอียดบรรณานุกรม
  กลับหน้าหลัก

Brief Record : Get Marc (ISO 2709) : E-mail record : QR code < ปิดหน้าต่าง
LEADER : 00000nam 2200000uu 4500
001    13399122874
003     ULIB
008    131022s2555||||th 000 0 tha d
020    ^a9786162132247
050  4 ^aDS520^bก271ก
100    ^aกฤชกร เพชรนอก
245    ^aกุมุสตา...ฟิลิปปินส์/^cกฤชกร เพชรนอก
250    ^aพิมพ์ครั้งที่ 1
260    ^aกรุงเทพฯ :^bสกายบุ๊กส์,^c2555
300    ^a72 หน้า
440  0 ^aชุด ประชาคมอาเซียนฉบับการ์ตูน
650  7 ^aอาเซียน^xเสริมความรู้
650  7 ^aฟิลิปปินส์
945    ^p119^l0^i034094
999    ^aเกษร โพธิ์สุวรรณ
รายการนี้ยังไม่มีแท็ก
คุณยังไม่ได้ล็อกอิน คุณสามารถมีกิจกรรมร่วมกับเว็บไซต์ได้ แต่ต้องล็อกอินก่อน ::
  ล็อกอิน

รายการสื่อสารสนเทศ

ลำดับที่ ประเภท เลขเรียก/บาร์โค้ด สถานที่ สถานะ
1. การศึกษาทั่วไป
หนังสือสำรอง
สถานะ=หนังสือสำรอง
DS520 ก271ก ฉ.1 
  Barcode: 034094
ห้องสมุดวิทยาเขตสวรรค์ประชารักษ์
►หนังสือทั่วไป
บนชั้น

รายการใกล้เคียง
    ผู้แต่ง [กฤชกร เพชรนอก]

    หัวเรื่อง [ฟิลิปปินส์]

BibComment


ยังไม่เคยถูกคอมเมนท์

คอมเมนท์ทรัพยากรรายการนี้
  คอมเมนท์: กุมุสตาฟิลิปปินส..


 Copyright 2026. Bcnsprnw @Library